000 00857nam a2200241 i 4500
001 175654
003 ES-MaACL
005 20250818063116.0
007 t|
008 101115s1973 sp a r ||||1| spa d
020 _a84-7080-545-2
080 _a821.133.1-31"18"
100 1 _aVerne, Jules,
_d1828-1905
_9188654
245 1 3 _aUn descubrimiento prodigioso /
_cJulio Verne ; [traducción de A. Ribot Fontseré ; ilustraciones de A. Pérez].
260 _aBarcelona :
_bLa Gaya Ciencia,
_c1973.
300 _a149 p. :
_bil. bl. y n. ;
_c18 cm.
490 1 _aMoby Dick: biblioteca de bolsillo junior ;
_v45
700 1 _aRibot y Fontseré, Antonio.
_9131779
700 1 _aPérez Carrillo, Antonio.
_9143933
830 0 _aMoby Dick: biblioteca de bolsillo junior ;
_v45
_9223907
852 _aES-MaACL
_jE-13529
999 _c175654
_d175654